000 00475nam a2200169Ia 4500
005 20250424120326.0
008 250424s9999 xx 000 0 und d
022 _a01890263
050 _aPS 3576 .C68/
245 4 _aThe counsellor
260 _aMaiduguri, Nigeria
260 _bDaily Beast Company
260 _c2018
300 _aiv, 84 p. :ill. ; 26 cm.
650 _aCounseling psychology--Study and teaching. Counseling psychologists--Training of.
942 _cSR
999 _c38671
_d38671